[Event "Benidorm op U2000 17th"]
[Site "Benidorm"]
[Date "2018.12.04"]
[Round "5"]
[White "Mendez Martinez, Jose Manuel"]
[Black "Bote Kobolo, Benjamin"]
[Result "0-1"]
[WhiteElo "1869"]
[BlackElo "1948"]
[PlyCount "104"]
[EventDate "2018.11.30"]
[EventType "swiss"]
[EventRounds "10"]
[EventCountry "ESP"]
[SourceTitle "EXT 2022"]
[Source "ChessBase"]
[SourceDate "2021.10.06"]
[SourceVersion "1"]
[SourceVersionDate "2021.10.06"]
[SourceQuality "1"]

1. d4 Nf6 2. c4 d6 3. Nc3 Bf5 4. g3 c6 5. Bg2 Nbd7 6. h3 h6 7. e4 Bh7 8. Nge2 e5 9. 0-0 Be7 10. Kh2 0-0 11. a3 Qc7 12. b3 Rfe8 13. d5 Nc5 14. f3 a5 15. Be3 Ncd7 16. Qd2 Rf8 17. b4 c5 18. Nb5 Qb6 19. Nec3 Rfc8 20. Na4 Qd8 21. bxc5 dxc5 22. Rfb1 Ne8 23. Rb2 Ra6 24. Rab1 Bf8 25. h4 f5 26. Nbc3 f4 27. Bf2 fxg3+ 28. Bxg3 Rg6 29. Bh3 Rb8 30. Rxb7 Rxb7 31. Rxb7 Ndf6 32. Ne2 Nd6 33. Rb1 Nh5 34. Bg4 Nxg3 35. Nxg3 Qxh4+ 36. Kg2 Rxg4 37. fxg4 Qxg4 38. Re1 Nxe4 39. Qe3 Ng5 40. Nc3 e4 41. Nb5 Qh3+ 42. Kf2 Qh2+ 43. Kf1 Nf3 44. Qf2 Qh3+ 45. Ke2 Qg4 46. Kf1 Nxe1 47. Kxe1 Bg6 48. Nf1 Be7 49. Ne3 Qh3 50. Kd1 Bh4 51. Qf4 Bg5 52. Qb8+ Kh7 0-1

[Event "Benidorm op U2000 16th"]
[Site "Benidorm"]
[Date "2017.12.02"]
[Round "2"]
[White "Bote Kobolo, Benjamin"]
[Black "Campos Busquiel, Alejandro"]
[Result "0-1"]
[WhiteElo "1989"]
[BlackElo "1826"]
[PlyCount "132"]
[EventDate "2017.12.01"]
[EventType "swiss"]
[EventRounds "10"]
[EventCountry "ESP"]
[SourceTitle "EXT 2019"]
[Source "ChessBase"]
[SourceDate "2018.10.10"]
[SourceVersion "1"]
[SourceVersionDate "2018.10.10"]
[SourceQuality "1"]

1. e4 e6 2. Nc3 d5 3. Nf3 d4 4. Ne2 Nc6 5. Ng3 e5 6. Bc4 h6 7. a3 Nf6 8. d3 Bd6 9. Bd2 a5 10. 0-0 0-0 11. Qe2 Qe7 12. Nh4 Bg4 13. f3 Be6 14. Nhf5 Qd7 15. Bxh6 Bxf5 16. Nxf5 gxh6 17. Qd2 Ne7 18. Nxh6+ Kh7 19. Qg5 Nfg8 20. Ng4 Ng6 21. f4 Nxf4 22. Rxf4 exf4 23. e5 Be7 24. Qh5+ Kg7 25. Rf1 f5 26. Rxf4 Qe8 27. Qh3 Qg6 28. Nf2 Nh6 29. Rxd4 Rad8 30. Rf4 Rh8 31. Qf3 Bg5 32. Nh3 Bxf4 33. Nxf4 Qb6+ 34. Kf1 Rhe8 35. Nh5+ Kh8 36. Qf4 Rd4 37. Qg5 Rg4 38. Qd2 Rxe5 39. h3 Rxc4 40. dxc4 Qe3 41. Qd8+ Kh7 42. Qd1 Kg6 43. g3 Qe1+ 44. Qxe1 Rxe1+ 45. Kxe1 Kxh5 46. Ke2 c5 47. c3 Kg5 48. Ke3 a4 49. Kd3 Nf7 50. Kc2 Nd6 51. Kd3 Kf6 52. h4 Ke5 53. h5 Kf6 54. Ke3 Nxc4+ 55. Kf4 Nxb2 56. h6 Nd3+ 57. Ke3 Ne5 58. h7 Kg7 59. Kf4 Nc4 60. Kxf5 Nxa3 61. Ke6 Nb5 62. g4 a3 63. g5 Kxh7 64. Kf7 Nd6+ 65. Kf6 Ne4+ 66. Kf5 Nxg5 0-1

[Event "Benidorm op U2000 15th"]
[Site "Benidorm"]
[Date "2016.12.08"]
[Round "8"]
[White "Bendriss, Hatim"]
[Black "Bote Kobolo, Benjamin"]
[Result "1-0"]
[WhiteElo "1997"]
[BlackElo "1986"]
[PlyCount "98"]
[EventDate "2016.12.02"]
[EventType "swiss"]
[EventRounds "10"]
[EventCountry "ESP"]
[SourceTitle "EXT 2019"]
[Source "ChessBase"]
[SourceDate "2018.10.10"]
[SourceVersion "1"]
[SourceVersionDate "2018.10.10"]
[SourceQuality "1"]

1. e4 Nc6 2. Nf3 d6 3. d4 Nf6 4. Nc3 Bg4 5. Be3 a6 6. a4 e5 7. Be2 Be7 8. d5 Nb8 9. h3 Bh5 10. Nd2 Bg6 11. 0-0 Nbd7 12. b4 a5 13. bxa5 Rxa5 14. Qb1 b6 15. Bd3 0-0 16. Qb4 Nc5 17. Bb5 Nh5 18. g4 Nf4 19. Kh2 h5 20. Rh1 Kh7 21. Rag1 Rh8 22. Bxf4 exf4 23. Nf3 Kg8 24. Kg2 Bf6 25. Nd4 Be5 26. f3 Qf6 27. Nce2 Nxe4 28. fxe4 Bxe4+ 29. Nf3 Bxd5 30. Kf2 c5 31. Qd2 Bb7 32. g5 Qf5 33. Bd3 Be4 34. g6 Bxd3 35. Rg5 Qe6 36. Qxd3 f6 37. Rgg1 Rh6 38. Re1 c4 39. Qd1 Qf5 40. Nxe5 fxe5 41. Nd4 Qxg6 42. Rhg1 Qf6 43. Nb5 Rxa4 44. Qd5+ Kh8 45. Ra1 Qh4+ 46. Ke2 f3+ 47. Qxf3 Rxa1 48. Qf6 Rxf6 49. Rxa1 Qf2+ 1-0

[Event "Benidorm op U2000 15th"]
[Site "Benidorm"]
[Date "2016.12.06"]
[Round "5"]
[White "Bote Kobolo, Benjamin"]
[Black "Nogues Fernandez, Ramon"]
[Result "1-0"]
[WhiteElo "1986"]
[BlackElo "1925"]
[PlyCount "107"]
[EventDate "2016.12.02"]
[EventType "swiss"]
[EventRounds "10"]
[EventCountry "ESP"]
[SourceTitle "EXT 2019"]
[Source "ChessBase"]
[SourceDate "2018.10.10"]
[SourceVersion "1"]
[SourceVersionDate "2018.10.10"]
[SourceQuality "1"]

1. e4 c5 2. Nf3 g6 3. Bc4 Nc6 4. a4 Bg7 5. Ng5 e6 6. d3 h6 7. Nf3 Nge7 8. 0-0 0-0 9. Nc3 d5 10. Ba2 b6 11. Bf4 a6 12. Re1 Bb7 13. h3 g5 14. Bg3 d4 15. Nb1 e5 16. Nbd2 Ng6 17. Nf1 Nf4 18. Bh2 Qf6 19. Ng3 Ne7 20. Nd2 Rae8 21. Nc4 Qg6 22. a5 b5 23. Nb6 Rd8 24. Kh1 h5 25. Ne2 Kh7 26. f3 Bh6 27. Bg3 f5 28. Nxf4 exf4 29. Bh2 fxe4 30. dxe4 Bg7 31. Qd2 Be5 32. Rad1 Bc7 33. c3 Bxb6 34. axb6 Qxb6 35. cxd4 Rxd4 36. Qc2 Rfd8 37. Bg1 Rxd1 38. Rxd1 Rxd1 39. Qxd1 Qc7 40. Qb3 c4 41. Qc3 Qd6 42. Bb1 Qe6 43. Qd4 Nc6 44. Qb6 Qe7 45. e5+ Kg7 46. Be4 Nd8 47. Qg6+ Kf8 48. Qb6 Kg8 49. Bc5 Qd7 50. Qg6+ Kh8 51. Qxh5+ Kg8 52. Qxg5+ Kh8 53. Qh6+ Kg8 54. Qf8# 1-0

[Event "Benidorm op U2000 14th"]
[Site "Benidorm"]
[Date "2015.11.30"]
[Round "3"]
[White "Bote Kobolo, Benjamin"]
[Black "Martinez Minarro, Francisco Jose"]
[Result "1-0"]
[WhiteElo "1966"]
[BlackElo "1853"]
[PlyCount "75"]
[EventDate "2015.11.28"]
[EventType "swiss"]
[EventRounds "10"]
[EventCountry "ESP"]
[SourceTitle "CBM 169 Extra"]
[Source "ChessBase"]
[SourceDate "2015.12.18"]
[SourceVersion "1"]
[SourceVersionDate "2015.12.18"]
[SourceQuality "1"]

1. e4 e6 2. Nf3 d5 3. Nc3 Nf6 4. exd5 exd5 5. d4 Bd6 6. Bd3 0-0 7. 0-0 Nc6 8. Nb5 Nb4 9. Be2 Bf5 10. Ne1 a6 11. Nxd6 Qxd6 12. c3 Nc6 13. Nd3 b6 14. Bf4 Qd7 15. Ne5 Nxe5 16. dxe5 Ne4 17. Re1 Qe6 18. Bf3 Rfd8 19. Qe2 c5 20. c4 Qg6 21. cxd5 Ng5 22. Bxg5 Qxg5 23. d6 Ra7 24. Rad1 Be6 25. a3 Qh4 26. g3 Qa4 27. Qd2 Bb3 28. Re4 Qe8 29. Rde1 Be6 30. Bg2 a5 31. h3 a4 32. g4 Ra5 33. f4 c4 34. Rd4 Rc5 35. f5 Bc8 36. Qe3 Qb5 37. e6 f6 38. d7 1-0

[Event "Benidorm op U2000 13th"]
[Site "Benidorm"]
[Date "2014.12.05"]
[Round "8"]
[White "Naranjo Moreno, Jose Javier"]
[Black "Bote Kobolo, Benjamin"]
[Result "0-1"]
[WhiteElo "1900"]
[BlackElo "1926"]
[PlyCount "78"]
[EventDate "2014.11.28"]
[EventType "swiss"]
[EventRounds "10"]
[EventCountry "ESP"]
[SourceTitle "CBM 163 Extra"]
[Source "ChessBase"]
[SourceDate "2014.12.23"]
[SourceVersion "1"]
[SourceVersionDate "2014.12.23"]
[SourceQuality "1"]

1. e4 Nc6 2. d4 e5 3. dxe5 Nxe5 4. Nf3 Qf6 5. Be2 Bc5 6. 0-0 Nxf3+ 7. Bxf3 d6 8. Nc3 Ne7 9. Nb5 Bb6 10. Be3 Bd7 11. Bd4 Qg5 12. Bxb6 Bxb5 13. Be3 Qe5 14. Re1 0-0 15. a4 Bc6 16. Bd4 Qg5 17. Be3 Qg6 18. b4 a6 19. Ra3 Rfe8 20. Bd4 Qe6 21. Bg4 Qc4 22. Qa1 f6 23. Rg3 Ng6 24. Bf5 Qf7 25. Ree3 Ne5 26. f4 Ng6 27. e5 fxe5 28. Bxg6 hxg6 29. fxe5 dxe5 30. Bxe5 Rf8 31. h4 Qf2+ 32. Kh2 Rf7 33. Qd4 Qxc2 34. h5 Rf5 35. Rd3 Rxh5+ 36. Kg1 Re8 37. Rd2 Qf5 38. Re2 Rxe5 39. Qd8+ Kh7 0-1

[Event "Benidorm op U2000 13th"]
[Site "Benidorm"]
[Date "2014.11.28"]
[Round "1"]
[White "Bote Kobolo, Benjamin"]
[Black "Rico Lucas, Mario"]
[Result "1-0"]
[WhiteElo "1926"]
[BlackElo "1661"]
[PlyCount "47"]
[EventDate "2014.11.28"]
[EventType "swiss"]
[EventRounds "10"]
[EventCountry "ESP"]
[SourceTitle "CBM 163 Extra"]
[Source "ChessBase"]
[SourceDate "2014.12.23"]
[SourceVersion "1"]
[SourceVersionDate "2014.12.23"]
[SourceQuality "1"]

1. e4 e5 2. Nf3 d6 3. Bc4 h6 4. h3 Bd7 5. 0-0 c5 6. c3 Nf6 7. Qe2 a6 8. d4 b5 9. Bd5 Nxd5 10. exd5 cxd4 11. cxd4 b4 12. a4 bxa3 13. Nxa3 Be7 14. dxe5 dxe5 15. Qxe5 0-0 16. Qg3 Kh7 17. Bf4 g5 18. Bc7 Qc8 19. Rac1 Qb7 20. Qe5 Bxa3 21. bxa3 Bb5 22. Qf5+ Kg8 23. Be5 Bxf1 24. Qf6 1-0

[Event "Benidorm op U2000 12th"]
[Site "Benidorm"]
[Date "2013.12.01"]
[Round "4"]
[White "Bote Kobolo, Benjamin"]
[Black "Rizza, Francesco"]
[Result "0-1"]
[WhiteElo "1948"]
[BlackElo "1998"]
[PlyCount "88"]
[EventDate "2013.11.29"]
[EventType "swiss"]
[EventRounds "10"]
[EventCountry "ESP"]
[SourceTitle "CBM 157 Extra"]
[Source "ChessBase"]
[SourceDate "2013.12.19"]
[SourceVersion "1"]
[SourceVersionDate "2013.12.19"]
[SourceQuality "1"]

1. e4 c5 2. Nc3 d6 3. Nf3 Nc6 4. Bb5 Bd7 5. 0-0 e6 6. d4 cxd4 7. Nxd4 Nf6 8. Be3 Be7 9. h3 0-0 10. Nxc6 bxc6 11. Bd3 Qb8 12. b3 d5 13. exd5 cxd5 14. f4 Bd6 15. Qf3 Qb4 16. Ne2 Ne4 17. a3 Qb7 18. a4 Nc5 19. Bxc5 Bxc5+ 20. Kh1 Be7 21. Qh5 g6 22. Qh6 Bf6 23. Rae1 Bc6 24. Rf3 d4 25. Rg3 Qe7 26. Rg5 Bxg5 27. fxg5 Qd6 28. Rf1 e5 29. Rf6 Qd5 30. Rf2 Qd7 31. Ng3 Rae8 32. Rf6 e4 33. Bc4 Bd5 34. Bb5 Qe7 35. Ne2 Qe5 36. Rf4 Re7 37. Rf6 Rc7 38. Nf4 Rxc2 39. Nh5 Rc1+ 40. Bf1 gxh5 41. g6 hxg6 42. Rxg6+ fxg6 43. Qxc1 e3 44. Bc4 e2 0-1

[Event "Benidorm op U2200 10th"]
[Site "Benidorm"]
[Date "2011.12.10"]
[Round "10"]
[White "Cartagena Sanchez, Javier"]
[Black "Bote Kobolo, Benjamin"]
[Result "1-0"]
[WhiteElo "1982"]
[BlackElo "1955"]
[PlyCount "109"]
[EventDate "2011.12.02"]
[EventType "swiss"]
[EventRounds "10"]
[EventCountry "ESP"]
[SourceTitle "CBM 145 Extra"]
[Source "ChessBase"]
[SourceDate "2012.01.03"]
[SourceVersion "1"]
[SourceVersionDate "2012.01.03"]
[SourceQuality "1"]

1. e4 Nc6 2. Nf3 d6 3. Bc4 Nf6 4. d3 h6 5. c3 e6 6. Bb3 Be7 7. 0-0 0-0 8. Nbd2 e5 9. h3 Nh7 10. Nc4 Ng5 11. Nxg5 Bxg5 12. f4 exf4 13. Bxf4 Bxf4 14. Rxf4 Qg5 15. Qf3 Bxh3 16. Rf1 Be6 17. d4 d5 18. Nd2 Ne7 19. Qf2 Ng6 20. Rf3 c6 21. e5 h5 22. Bc2 Ne7 23. Rg3 Qh6 24. Qf6 Ng6 25. Qf2 h4 26. Rf3 h3 27. g4 Qg5 28. Rxh3 Qxg4+ 29. Rg3 Qh5 30. Qg2 Kh8 31. Rg5 Qh6 32. Bxg6 fxg6 33. Rxg6 Qe3+ 34. Kh2 Rxf1 35. Nxf1 Qf4+ 36. Kg1 Qf7 37. Qh2+ Kg8 38. Rg5 Rf8 39. Ng3 Qf3 40. Qe2 Qxe2 41. Nxe2 Kh7 42. Kg2 Kh6 43. Rg3 Bf5 44. Kf2 Bb1+ 45. Ke3 Bxa2 46. Nf4 Kh7 47. Rh3+ Kg8 48. Ng6 Rf1 49. Rh8+ Kf7 50. Rf8+ Kxg6 51. Rxf1 Bc4 52. Rf2 b6 53. e6 c5 54. e7 Bb5 55. Rf8 1-0

[Event "Benidorm op U2200 10th"]
[Site "Benidorm"]
[Date "2011.12.09"]
[Round "9"]
[White "Gonzalez Pabollet, Jesus Maria"]
[Black "Bote Kobolo, Benjamin"]
[Result "1-0"]
[WhiteElo "1950"]
[BlackElo "1955"]
[PlyCount "151"]
[EventDate "2011.12.02"]
[EventType "swiss"]
[EventRounds "10"]
[EventCountry "ESP"]
[SourceTitle "CBM 145 Extra"]
[Source "ChessBase"]
[SourceDate "2012.01.03"]
[SourceVersion "1"]
[SourceVersionDate "2012.01.03"]
[SourceQuality "1"]

1. Nf3 Nf6 2. g3 d6 3. Bg2 e5 4. d3 Nc6 5. c4 Be7 6. Nc3 0-0 7. 0-0 d5 8. cxd5 Nxd5 9. Nxd5 Qxd5 10. Bd2 Qd6 11. Bc3 Nd4 12. Nd2 c6 13. Nc4 Qc7 14. e3 Ne6 15. Bxe5 Qd8 16. Qc2 Nc5 17. Rfd1 Bg4 18. Rd2 Qd7 19. b4 Ne6 20. Bc3 f6 21. h3 Bh5 22. f4 Nc7 23. e4 Nb5 24. d4 Bf7 25. Ne3 Rfe8 26. a3 Bd8 27. Kh2 a5 28. d5 Nxc3 29. Qxc3 axb4 30. axb4 Rxa1 31. Qxa1 cxd5 32. Nxd5 Qb5 33. Qd4 h5 34. Qd3 Qa4 35. Qc4 Qa1 36. Qb5 h4 37. gxh4 Qe1 38. Re2 Qxh4 39. Qxb7 Qh5 40. Ra2 Bxd5 41. exd5 Qh4 42. Qb8 Kh7 43. Ra1 f5 44. Rf1 Re3 45. Qc8 Qg3+ 46. Kh1 Re2 47. Qxf5+ Kg8 48. Rg1 Bf6 49. d6 Rxg2 50. Rxg2 Qc3 51. d7 Qd4 52. Qe6+ Kh7 53. Qf5+ Kg8 54. b5 Kf7 55. Qh5+ Ke6 56. Qe8+ Kf5 57. Qh5+ Ke6 58. Qe2+ Kxd7 59. Qd2 Qxd2 60. Rxd2+ Kc7 61. Kg2 Bc3 62. Rd1 Kb6 63. Kf3 Bf6 64. Rb1 Bc3 65. Ke4 Bf6 66. h4 Bc3 67. Kf5 Bd4 68. Kg6 Bc3 69. h5 Bd4 70. f5 Be3 71. f6 gxf6 72. Kxf6 Bd2 73. Kg6 Bc3 74. h6 Bh8 75. Kf7 Bd4 76. h7 1-0

[Event "Moratalaz op 24th"]
[Site "Madrid"]
[Date "2011.09.16"]
[Round "2"]
[White "Guerra Mendez, Jose Angel"]
[Black "Bote Kobolo, Benjamin"]
[Result "1-0"]
[WhiteElo "2448"]
[BlackElo "1979"]
[PlyCount "81"]
[EventDate "2011.09.15"]
[EventType "swiss"]
[EventRounds "9"]
[EventCountry "ESP"]
[SourceTitle "CBM 144 Extra"]
[Source "ChessBase"]
[SourceDate "2011.10.28"]
[SourceVersion "1"]
[SourceVersionDate "2011.10.28"]
[SourceQuality "1"]

1. e4 c6 2. d4 d5 3. Nc3 dxe4 4. Nxe4 Bf5 5. Ng3 Bg6 6. h4 h6 7. Nf3 Nd7 8. h5 Bh7 9. Bd3 Bxd3 10. Qxd3 Qc7 11. Bd2 Ngf6 12. 0-0-0 e6 13. Ne4 Nd5 14. c4 N5f6 15. g3 Nxe4 16. Qxe4 0-0-0 17. Kb1 Nf6 18. Qe2 Kb8 19. Bc3 Be7 20. Ne5 Bd6 21. f4 Rhe8 22. g4 Ng8 23. Rhf1 f6 24. Nd3 f5 25. c5 Bf8 26. d5 Qc8 27. d6 Nf6 28. g5 Nd5 29. Ne5 Ka8 30. Bd4 Qb8 31. Rd3 a5 32. Ra3 Qa7 33. Nc4 a4 34. Qd1 b5 35. cxb6 Qb7 36. Qxa4+ Kb8 37. Na5 Qd7 38. Nxc6+ Kb7 39. Nxd8+ Rxd8 40. Qa6+ Kc6 41. b7+ 1-0

[Event "Collado Villalba op 28th"]
[Site "Collado Villalba"]
[Date "2011.08.30"]
[Round "8"]
[White "Bote Kobolo, Benjamin"]
[Black "Hernandez Castro, Julio Cesar"]
[Result "0-1"]
[WhiteElo "1979"]
[BlackElo "1838"]
[PlyCount "80"]
[EventDate "2011.08.23"]
[EventType "swiss"]
[EventRounds "9"]
[EventCountry "ESP"]
[SourceTitle "CBM 144 Extra"]
[Source "ChessBase"]
[SourceDate "2011.10.28"]
[SourceVersion "1"]
[SourceVersionDate "2011.10.28"]
[SourceQuality "1"]

1. Nf3 Nf6 2. g3 b6 3. Bg2 Bb7 4. 0-0 g6 5. d4 d6 6. Bg5 Bg7 7. Bxf6 Bxf6 8. d5 Bxb2 9. Nbd2 Bxd5 10. e4 Bb7 11. Re1 Nd7 12. Nc4 Bg7 13. a4 0-0 14. Qd2 Nc5 15. Nh4 Bxa1 16. Rxa1 Bxe4 17. Bxe4 Nxe4 18. Qd4 Nf6 19. Ra3 e5 20. Qd2 Ne4 21. Qh6 Qg5 22. Qxg5 Nxg5 23. f4 exf4 24. gxf4 Ne4 25. f5 Rae8 26. Ne3 Kg7 27. Nd5 c6 28. Ne3 d5 29. Nf3 h5 30. Nd4 c5 31. Nc6 d4 32. Nd5 Rd8 33. Nce7 Nf6 34. Nxf6 Kxf6 35. Nc6 Rd7 36. fxg6 fxg6 37. Rf3+ Kg7 38. Rg3 Rf6 39. Ne5 Re7 40. Nf3 Re3 0-1

[Event "Madrid Villaverde op 14th"]
[Site "Madrid"]
[Date "2011.04.12"]
[Round "6"]
[White "Bote Kobolo, Benjamin"]
[Black "Largo Barbero, Benito"]
[Result "1-0"]
[WhiteElo "2017"]
[BlackElo "1759"]
[PlyCount "103"]
[EventDate "2011.04.04"]
[EventType "swiss"]
[EventRounds "8"]
[EventCountry "ESP"]
[SourceTitle "EXT 2012"]
[Source "ChessBase"]
[SourceDate "2011.11.24"]
[SourceVersion "1"]
[SourceVersionDate "2011.11.24"]
[SourceQuality "1"]

1. e4 e6 2. Nc3 c5 3. Nf3 a6 4. d4 cxd4 5. Nxd4 Nc6 6. Nxc6 bxc6 7. Bd3 d5 8. 0-0 Ne7 9. Bg5 Qa5 10. Bh4 Ng6 11. Bg3 h5 12. h3 d4 13. Ne2 e5 14. f4 h4 15. Bh2 Bd6 16. fxe5 Bxe5 17. Nf4 Bxf4 18. Bxf4 Nxf4 19. Rxf4 Qe5 20. Qf1 Be6 21. Re1 g5 22. Rf5 Qg3 23. Rf3 Qe5 24. Bc4 0-0 25. Bxa6 Kg7 26. Bc4 d3 27. Bxe6 Qxe6 28. Qxd3 Rxa2 29. Qc3+ f6 30. Rf5 Kg6 31. Ref1 Ra7 32. e5 Raf7 33. exf6 Re8 34. R5f3 Qe4 35. Qc5 Re5 36. Qf2 c5 37. c3 c4 38. Qb6 Re6 39. Qd8 Re8 40. Qd2 Re5 41. Kh1 Rd5 42. Qc1 Kh6 43. Re1 Qg6 44. Ref1 Qh5 45. Qe3 Qg6 46. Qe6 Rc5 47. Rd1 Rcc7 48. Rd8 Kh7 49. Rf5 Rcd7 50. Rxd7 Rxd7 51. Rxg5 Qf7 52. Rg7+ 1-0

[Event "Parla op 25th"]
[Site "Parla"]
[Date "2010.09.07"]
[Round "4"]
[White "Bote Kobolo, Benjamin"]
[Black "Madina Yadarola, Martin"]
[Result "0-1"]
[WhiteElo "1969"]
[BlackElo "2254"]
[PlyCount "80"]
[EventDate "2010.09.04"]
[EventType "swiss"]
[EventRounds "9"]
[EventCountry "ESP"]
[SourceTitle "CBM 138 Extra"]
[Source "ChessBase"]
[SourceDate "2010.10.29"]
[SourceVersion "1"]
[SourceVersionDate "2010.10.29"]
[SourceQuality "1"]

1. e4 d6 2. Nc3 c6 3. Nf3 Bg4 4. h3 Bh5 5. d4 Nd7 6. Be3 e6 7. Bd3 d5 8. exd5 cxd5 9. Qe2 Bb4 10. Bd2 Bxc3 11. Bxc3 Qb6 12. a4 a5 13. g4 Bg6 14. Bb5 f6 15. Ra3 Qd6 16. Rb3 Ne7 17. h4 0-0 18. Kd1 Nc6 19. Bd3 Bxd3 20. Qxd3 e5 21. dxe5 fxe5 22. Ng5 Nf6 23. Rxb7 h6 24. Qg6 Ne7 25. Qd3 hxg5 26. hxg5 Ne4 27. Kc1 Nxc3 28. Qh7+ Kf7 29. Rh6 Ne4 30. Rxd6 Nxd6 31. Qh5+ Ke6 32. Rxe7+ Kxe7 33. Qg6 Rxf2 34. Qxg7+ Ke6 35. Qg6+ Kd7 36. Qd3 Rc8 37. c3 Rh8 38. Qxd5 e4 39. Qd1 e3 40. Qd5 e2 0-1

[Event "Benidorm op U2000 05th"]
[Site "Benidorm"]
[Date "2006.12.02"]
[Round "2"]
[White "Bote Kobolo, Benjamin"]
[Black "Gomez Peco, David"]
[Result "0-1"]
[WhiteElo "1866"]
[BlackElo "1995"]
[PlyCount "106"]
[EventDate "2006.12.01"]
[EventType "swiss"]
[EventRounds "9"]
[EventCountry "ESP"]
[SourceTitle "CBM 115 Extra"]
[Source "ChessBase"]
[SourceDate "2007.01.10"]
[SourceVersion "1"]
[SourceVersionDate "2007.01.10"]
[SourceQuality "1"]

1. Nf3 Nf6 2. d3 c5 3. e4 e6 4. g3 d5 5. Nbd2 Nc6 6. Bg2 Be7 7. 0-0 0-0 8. Re1 Re8 9. e5 Nd7 10. Nf1 Qc7 11. Bf4 Nf8 12. h4 Ng6 13. N1h2 Nxf4 14. gxf4 f6 15. Ng4 Bd7 16. Bh3 Rf8 17. c3 fxe5 18. fxe5 Rf4 19. d4 Raf8 20. Re3 Qd8 21. h5 Qe8 22. h6 Qh5 23. Nfh2 Qg6 24. hxg7 Kxg7 25. Rg3 Bh4 26. Rg2 Kh8 27. Nf6 R8xf6 28. Rxg6 Rxg6+ 29. Kh1 cxd4 30. cxd4 Rxd4 31. Qf3 Nxe5 32. Qf8+ Rg8 33. Qd6 Nd3 34. Rf1 Bc6 35. Bg2 Rc4 36. Nf3 Rcg4 37. Ne5 Rxg2 38. Nf7+ Kg7 39. Kxg2 Kxf7+ 40. Kh3 Be7 41. Qc7 e5 42. b4 d4 43. f3 Ke6 44. a4 Nf4+ 45. Kh2 Rg2+ 46. Kh1 Bxb4 47. Qxh7 Bd6 48. Qh6+ Rg6 49. Qh8 d3 50. Qc8+ Ke7 51. Qh8 d2 52. Qh7+ Ke6 53. Kh2 Bxf3 0-1

[Event "Moratalaz op 19th"]
[Site "Madrid"]
[Date "2006.09.21"]
[Round "4"]
[White "Bote Kobolo, Benjamin"]
[Black "Alcaraz Amoros, Antonio"]
[Result "1/2-1/2"]
[WhiteElo "1863"]
[BlackElo "2130"]
[PlyCount "84"]
[EventDate "2006.09.18"]
[EventType "swiss"]
[EventRounds "9"]
[EventCountry "ESP"]
[SourceTitle "CBM 114 Extra"]
[Source "ChessBase"]
[SourceDate "2006.11.03"]
[SourceVersion "1"]
[SourceVersionDate "2006.11.03"]
[SourceQuality "1"]

1. e4 c6 2. d3 d5 3. Nd2 g6 4. Ngf3 Bg7 5. e5 c5 6. c3 Nc6 7. d4 cxd4 8. cxd4 Bf5 9. Nb3 Nb4 10. Bb5+ Kf8 11. 0-0 Nc2 12. Nh4 Nxa1 13. Nxa1 Bd7 14. Bd3 e6 15. Nf3 Ne7 16. Bd2 Qb6 17. Nb3 Nc6 18. Nc5 Be8 19. Be3 Kg8 20. b3 Nb4 21. Bb1 Na6 22. Nd3 Bb5 23. Qd2 Rc8 24. Re1 Bxd3 25. Qxd3 Nb4 26. Qd2 Nc6 27. Rc1 h6 28. h4 Qd8 29. g3 Ne7 30. g4 h5 31. Bg5 Qd7 32. Rxc8+ Nxc8 33. gxh5 Rxh5 34. Bd3 Ne7 35. Be2 Nf5 36. Nh2 Rh8 37. Ng4 Nxh4 38. Nf6+ Bxf6 39. exf6 e5 40. Qe3 e4 41. Qg3 Nf5 42. Qb8+ Kh7 1/2-1/2

[Event "Moratalaz op 19th"]
[Site "Madrid"]
[Date "2006.09.19"]
[Round "2"]
[White "Bote Kobolo, Benjamin"]
[Black "Perez Marco, Ricardo"]
[Result "0-1"]
[WhiteElo "1863"]
[BlackElo "2167"]
[PlyCount "72"]
[EventDate "2006.09.18"]
[EventType "swiss"]
[EventRounds "9"]
[EventCountry "ESP"]
[SourceTitle "CBM 114 Extra"]
[Source "ChessBase"]
[SourceDate "2006.11.03"]
[SourceVersion "1"]
[SourceVersionDate "2006.11.03"]
[SourceQuality "1"]

1. e4 c5 2. Nf3 e6 3. d3 Nc6 4. Nbd2 g6 5. g3 Bg7 6. Bg2 Nge7 7. c3 0-0 8. 0-0 b5 9. Re1 Rb8 10. Nf1 b4 11. e5 bxc3 12. bxc3 d5 13. h4 Qa5 14. Bd2 Ba6 15. d4 Qa3 16. Ne3 cxd4 17. cxd4 Rfc8 18. Ng4 Nf5 19. Nf6+ Bxf6 20. exf6 Nfxd4 21. Nxd4 Nxd4 22. Qg4 Nc2 23. Rxe6 Nxa1 24. Re7 Qd6 25. Qg5 h6 26. Qxh6 Qxf6 27. Rxf7 Qxf7 28. Bxd5 Qxd5 29. Qxg6+ Kf8 30. Bh6+ Ke7 31. Bg5+ Kd7 32. Qg7+ Kc6 33. Qxa1 Re8 34. Bf4 Rb4 35. Qf6+ Re6 36. Qa1 Rxf4 0-1

[Event "Benidorm op U2000 04th"]
[Site "Benidorm"]
[Date "2005.11.12"]
[Round "2"]
[White "Bote Kobolo, Benjamin"]
[Black "Amoros Moran, Jose Joaquin"]
[Result "1-0"]
[WhiteElo "1682"]
[BlackElo "1966"]
[PlyCount "100"]
[EventDate "2005.11.11"]
[EventType "swiss"]
[EventRounds "9"]
[EventCountry "ESP"]
[SourceTitle "CBM 109 Extra"]
[Source "ChessBase"]
[SourceDate "2006.01.03"]
[SourceVersion "2"]
[SourceVersionDate "2006.01.03"]
[SourceQuality "1"]

1. c3 Nf6 2. d3 g6 3. e4 d6 4. Nf3 Bg7 5. Be2 c5 6. Nbd2 Nc6 7. h3 0-0 8. Nf1 e5 9. g4 d5 10. Qc2 c4 11. Ng3 cxd3 12. Bxd3 dxe4 13. Nxe4 Nd5 14. a3 f5 15. gxf5 gxf5 16. Bg5 fxe4 17. Bxd8 exd3 18. Qxd3 Nf4 19. Qb5 Rxd8 20. Ng5 Rd5 21. Qb3 Na5 22. Qc2 e4 23. Nxe4 Bf5 24. f3 Re8 25. Rd1 Rde5 26. Rd4 R5e6 27. Rg1 Kh8 28. Ra4 Nc6 29. Qh2 Ne5 30. Qg3 Bh6 31. Kd1 Ned3 32. Kc2 Nc5 33. Rc4 Nxe4 34. fxe4 Rxe4 35. Rxe4 Bxe4+ 36. Kb3 Ng6 37. Ka2 Bf4 38. Qg4 Bd5+ 39. Ka1 Be6 40. Qh5 Bf7 41. Qf3 Re7 42. h4 Be5 43. h5 Nf4 44. h6 Bd5 45. Qg4 Be6 46. Qg5 Ng6 47. Rd1 Bf4 48. Qc5 Bxh6 49. Rg1 Bf8 50. Qh5 Bd5 1-0